000 00695cam a2200145 4500500
005 20260208010156.0
041 _afre
042 _adc
100 1 0 _aRey, Pierre-Louis
_eauthor
245 0 0 _aSTENDHAL, Œuvres romanesques complètes, t. III. Édition établie par YVES ANSEL, PHILIPPE BERTHIER, XAVIER BOURDENET et SERGE LINKÈS. Paris, Gallimard, coll. « Bibliothèque de la Pléiade », 2014. Un vol. de 1 500 p.
260 _c2014.
500 _a87
786 0 _nRevue d'histoire littéraire de la France | 114 | 4 | 2014-12-01 | p. 947u-985u | 0035-2411
856 4 1 _uhttps://shs.cairn.info/revue-d-histoire-litteraire-de-la-france-2014-4-page-947u?lang=fr&redirect-ssocas=7080
999 _c1655447
_d1655447